000 00435nam a2200181Ia 4500
001 25391
005 20260414151147.0
008 260414t2012||||xx |||||||||||||| ||spa||
041 _aESP
082 _a346.5
_bLL719 T. 3
100 _aLlambías, Jorge Joaquin
_eAUT
245 0 _aTratado de Derecho Civil
_b
260 _c2012
300 _a560 páginas :
_c25 cm.
650 _aDER
654 _aCDE
942 _cLIB
_dJUS
_fJUS
_2ddc
_n
999 _c25391
_d25391